Регионална библиотека "Любен Каравелов" - Русе

Япония (Запис номер 3171)

MARC детайли
000 -Лидер
Контролно поле с фиксирана дължина nam a22 a 4500
003 - Код на организацията, давaща контролен номер
Контролно поле BLK
005 - Дата и час на последна редакция
Контролно поле 20210202170618.0
008 - Елементи от данни с фиксирана дължина
fixed length control field 180412b bul|||||r ||||||| ||bul||
010 ## - Наследен системен номер
LC control number KNG00004233000
020 ## - Международен стандартен номер на книга ISBN
Международен стандартен номер на книга ISBN 954-428-057-Х
040 ## - Източник на каталожния запис
Идентификатор на билиотеката - собственик на записа BLK
041 ## - Код за език
Код за езика на текст/звукозапис или на отделно заглавие Български
Код за езика КДБФ Български
080 ## - УДК
Текстов определител УДК История на Япония
УДК код - определител по УДК 94(520)
УДК - код + определител 94(520)
100 1# - Редна дума - Автор
Автор Пилбийм, Мейвис
Авторска отговорност първи автор
R(LIN) 246898
139 ## - Редно поле
Редна дума Пилбийм, Мейвис
Авторски знак Пил - П 52
245 10 - Сведения за заглавието
Заглавие Япония
Подзаглавни данни 5 000 г. пр. н. е. - XX в. : Науч.-попул. четиво за деца
Редно поле (дума) Мейвис Пилбийм; прев. от англ. Станислав Баев Баев.
257 ## - Страна на издаване
Страна на създаване/издаване Великобритания
260 ## - Област на издателските данни
Име на издателя, разпространителя и проч. Хемус
-- Аладин букс
Година на издаване 1994
Място на издаване, разпространение и проч. София
300 ## - Физическа характеристика
Страници 32 с.
Илюстрации и др. с цв. ил.
Размери/Мащаб 29 см
380 ## - Жанр
Жанр Детска отраслова лит.
490 ## - СЕРИИ (Колекции)
Име на серия Древни цивилизации
9 (RLIN) 201217
500 ## - Общи забележки
Забележка Без сведение за ориг. загл. - Авт. не е отбелязан на кор. - 15 000 тир. - Предм. показалец.
650 #4 - Допълнително описание по предмет – тема
Основно описание – тема или топоним Япония - история
9 (RLIN) 246899
651 #4 - Допълнително описание по предмет - топоним
Географско понятие Япония
9 (RLIN) 179845
653 ## - Ключова дума – ненормативна
Ключова дума Япония
700 1# - Други автори (авторска отговорност)
Лично име Баев, Станислав Баев
Автороска отговорност (Описва отношението между автора и произведението) прев. от англ.
9 (RLIN) 242270
852 ## - Местоположение
Форматна сигнатура Цб ІІ 19746
856 4# - Електронен адрес и достъп
Електронен формат pdf - файл
Път до файла /url/
856 4# - Електронен адрес и достъп
Електронен формат pdf - файл
Път до файла /url/
999 ## - СИСТЕМНИ КОНТРОЛНИ НОМЕРА
Koha biblionumber 3171
Koha biblioitemnumber 3171
942 ## - АРТИКУЛИ
Вид на библиотечния материал Книги
Скрит в OPAC Не
Периодичен библиозапис Да
944 ## - СЪЗДАВАНЕ И РЕДАКЦИЯ на ЗАПИСА
Създаване/Редакция Създаване
Дата на регистрацията/редакция 15.01.2003
Статус, дата на статуса ф /
Служител, извършил регистрацията/редакцията Людмила_Стоянова
944 ## - СЪЗДАВАНЕ И РЕДАКЦИЯ на ЗАПИСА
Създаване/Редакция Редакция
Дата на регистрацията/редакция 09.01.2014
Статус, дата на статуса ф /
999 ## - СИСТЕМНИ КОНТРОЛНИ НОМЕРА
Koha biblioitemnumber 3171
Наличности
Код за отписване Код за изгубен артикул Източник на класификационната схема Код за повреда Коз за рестрикции Код за отдаване Артикулен № Име на библиотеката - собственик Име на библиотеката, в която се намира в момента Статус (Текущо местоположение) Дата на вписване в системата Местоположение - отдел Цена в лева Инвентарен номер Систематично азбучна сигнатура Баркод Номер на екземпляра Цена в евро Служебна бележка Служебен тип на артикула
  Не е изгубен Universal Decimal Classification Не е повреден само за читалня ползва се в читалня 5755 Регионална библиотека "Любен Каравелов" Русе Регионална библиотека "Любен Каравелов" Русе Хранилище 1994-01-01 Хранилище 1.30 606669 Цб ІІ 19746 120000606669 1 0.66 Дост: Dp Вид: Д N: стар фонд Дата: 01.01.1994 Книги
  Не е изгубен Universal Decimal Classification Не е повреден без рестрикции заемане за дома 5756 Регионална библиотека "Любен Каравелов" Русе Регионална библиотека "Любен Каравелов" Русе Детски отдел 1994-01-01 Детски отдел 1.30 605640 ДН 931/939/П 52 120000605640 2 0.66 Дост: Pk Вид: Ф N: стар фонд Дата: 01.01.1994 Дата инв: 18.08.2015 Бележки инв: Д2015 Книги
  Не е изгубен Universal Decimal Classification Не е повреден без рестрикции заемане за дома 5757 Регионална библиотека "Любен Каравелов" Русе Регионална библиотека "Любен Каравелов" Русе Детски отдел 1994-01-01 Детски отдел 1.30 605641 ДН 931/939/П 52 120000605641 3 0.66 Дост: Pk Вид: Ф N: стар фонд Дата: 01.01.1994 Дата инв: 18.08.2015 Бележки инв: Д2015 Книги
  Не е изгубен Universal Decimal Classification Не е повреден без рестрикции заемане за дома 5758 Регионална библиотека "Любен Каравелов" Русе Регионална библиотека "Любен Каравелов" Русе Детски отдел 1994-01-01 Детски отдел 1.30 605644 ДН 931/939/П 52 120000605644 4 0.66 Дост: Pk Вид: Ф N: стар фонд Дата: 01.01.1994 Дата инв: 25.08.2015 Бележки инв: Д2015 Книги
Vip Innovations Ltd, Rousse, Bulgaria 2025